LEADER 00918nam a2200217 i 4500 001 000000193907 003 CaOOAMICUS 005 20170113000000.0 008 170113s1918 it u000 u ita u 013 $a172551 040 $aSeMil$bita 100 1 $aPuccini, Giacomo,$d<1858-1924>.$0(OLS)http://semarc/name/52966 245 13$aIl tabarro (da «La houppelande» di Didier Gold) /$cGiacomo Puccini ; libretto di Giuseppe Adami. 260 $aMilano :$bRicordi,$c1918. 300 $a31 p. ;$c20 cm. 650 4$aOpera in musica.$0(OLS)http://semarc/subject/8916 700 1 $aAdami, Giuseppe <1878-1946>.$0(OLS)http://semarc/name/38464 850 $aSeMil 852 $aSeMil$W1$xVenegono$y1$m5B III 69/14$j242115$B144481$CSeMilBibl$Z2$F215574 $81 996 $6245$aIl tabarro (da «La houppelande» di Didier Gold)$9(OLS)http://semarc/title/409282 996 $6260$aMilano :$bRicordi$9(OLS)http://semarc/publisher/31229 LEADER 01036nam a2200193 i 4500 001 000000234480 003 CaOOAMICUS 005 20141015000000.0 008 141015s1785 it u000 u ger u 013 $a213383 040 $aSeMil$bita 245 10$a10. Band. Von der Erneuerung der griechischen Spaltung im Jahre Christi 995 bis zu dem Papsttume Urbani des II. im Jahre Christi 1088. 300 $a509, [15] p. 773 0 $aBérault Bercastel, Antoine Henri : de <1722-1794>$tGeschichte der Kirche ... aus dem Französischen des Herrn Abbts de Berault-Bercastel, Domherrn an der Kirche zu Noyon. 1. Band [-24. Band].$dWien : gedruckt bey Mathias Andreas Schmidt, 1784-1791.$g10$w()30708 850 $aSeMil 852 $aSeMil$W1$xVenegono$y1$m3A II 46 FA$j184826$B184826$CSeMilBibl$Z2$F195789 $8I 941 1 $a10 961 $aRecupero: Mantegazza 996 $6245$a10. Band. Von der Erneuerung der griechischen Spaltung im Jahre Christi 995 bis zu dem Papsttume Urbani des II. im Jahre Christi 1088$9(OLS)http://semarc/title/334630